1001 tipů a triků pre SQL [sbírka nejlepších programátorských postupů a řešení]
Guardado en:
| Autor principal: | |
|---|---|
| Formato: | Libro |
| Lenguaje: | checo |
| Publicado: |
Brno
Computer Press, a.s.
2011
|
| Materias: | |
| Etiquetas: |
Sin Etiquetas, Sea el primero en etiquetar este registro!
|
MARC
| LEADER | 00000nam a2200000 4500 | ||
|---|---|---|---|
| 001 | 0157195 | ||
| 005 | 20221207095257.6 | ||
| 020 | |a 978-80-251-3010-0 | ||
| 041 | 0 | |a cze | |
| 044 | |a CZ | ||
| 245 | 1 | 0 | |a 1001 tipů a triků pre SQL |b [sbírka nejlepších programátorských postupů a řešení] |c Luboslav Lacko |
| 264 | 1 | |a Brno |b Computer Press, a.s. |c 2011 | |
| 300 | |a 416 s. |e CD-ROM | ||
| 610 | 2 | 0 | |a jazyky programovacie |
| 610 | 2 | 0 | |a programovanie počítačov |
| 610 | 2 | 0 | |a softvér |
| 100 | 1 | |a Lacko, Luboslav | |